000 00596cam a2200169 4500
001 D12369
008 090401t1946 xxu||||| |||| 00| 0 eng d
035 _a(Sirsi) u2957
041 _aeng
110 _aCentral Association of Agricultural Valuers
245 _aReport of a conference appointed...to examine the Tables for Residual Manurial Values of Fertilisers and for Manurial Values of Feeding Stuffs with the view of suggesting any necessary revision of such tables
260 _aLondon
_bCAAV
_c1946
350 _a0
520 _a2 copies; Shelf 152
942 _n0
948 _c04/03/1997
999 _c85838
_d85838